000 00349 a2200157 4500
001 156900
020 _a8572080791
040 _cEscola São Tomás de Aquino
100 _aTELLES, Carlos Queiroz
240 1 0 _aO lagarto azul
_lpor
245 1 0 _aO lagarto azul
300 _a16
362 0 _a1992
697 _a*LITERATURA INFANTO
942 _cBK
999 _c156900
_d156900